Verdadeiro ou Falso (Versão Futebol) - Statistics

Estatísticas Gerais
  • Esse quiz foi jogado 146 vezes
    64 desde o último reset
  • A pontuação média é 10 de 16
Estatísticas das Respostas
Questão Resposta % Correto
A primeira seleção a vencer a Copa do Mundo foi o Uruguai. Verdadeiro
96%
O São Caetano já disputou uma final de Libertadores. Verdadeiro
88%
Apenas 1 jogador conseguiu ganhar 3 Copas do Mundo em sua carreira. Verdadeiro
87%
River Plate nunca foi rebaixado no campeonato argentino. Falso
77%
Os únicos brasileiros a vencer a Libertadores de forma invicta é Flamengo, Corinthians e Santos. Verdadeiro
75%
Pelé marcou mais de 1000 gols na carreira oficial. Falso
73%
O Maracanã foi inaugurado para a Copa do Mundo de 1950. Verdadeiro
73%
A melhor campanha do Zenit na Champions League foi as Semifinais. Falso
65%
O Palmeiras já foi campeão da Copa Mercosul. Verdadeiro
65%
O Bayern de Munique foi fundado em 1922. Falso
62%
Ronaldinho Gaúcho terminou a carreira no Fluminense Verdadeiro
54%
O Corinthians já tentou contratar Neymar e Cristiano Ronaldo. Verdadeiro
54%
Familiares de jogadores campeões da Copa do Mundo também podem encostar na taça. Falso
52%
As substituições foram inventadas na Itália em 1914 Falso
46%
Alfredo Di Stéfano jogou pela seleção da Argentina, Colômbia e Espanha. Verdadeiro
40%
A primeira partida oficial de futebol da história aconteceu em 1878. Falso
27%
Nenhum quiz correspondente encontrado
Distribuição das Pontuações
Porcentagem de Pessoas com Cada Pontuação
Percentil de Números Respondidos
Sua Pontuação Histórica
Você não jogou esse quiz desde o último reset